Cation binding by Humic Substances (Record no. 6210)

MARC details
000 -LEADER
fixed length control field 01286cam a22003134a 4500
001 - CONTROL NUMBER
control field 12538773
003 - CONTROL NUMBER IDENTIFIER
control field OSt
005 - DATE AND TIME OF LATEST TRANSACTION
control field 20191105170205.0
008 - FIXED-LENGTH DATA ELEMENTS--GENERAL INFORMATION
fixed length control field 010919s2002 nyua b 001 0 eng
010 ## - LIBRARY OF CONGRESS CONTROL NUMBER
LC control number 2001043867
020 ## - INTERNATIONAL STANDARD BOOK NUMBER
International Standard Book Number 9780521675659
040 ## - CATALOGING SOURCE
Original cataloging agency DLC
Transcribing agency DLC
Modifying agency DLC
042 ## - AUTHENTICATION CODE
Authentication code pcc
082 00 - DEWEY DECIMAL CLASSIFICATION NUMBER
Classification number 572.3
Item number TIP 2002
100 1# - MAIN ENTRY--PERSONAL NAME
Personal name Tipping, Edward,
9 (RLIN) 12782
245 10 - TITLE STATEMENT
Title Cation binding by Humic Substances
250 ## - EDITION STATEMENT
Edition statement 1st ed.
260 ## - PUBLICATION, DISTRIBUTION, ETC. (IMPRINT)
Place of publication, distribution, etc. New York :
Name of publisher, distributor, etc. Cambridge University Press,
Date of publication, distribution, etc. 2002.
300 ## - PHYSICAL DESCRIPTION
Extent x, 434 p. :
Other physical details ill. ;
Dimensions 26 cm.
440 #0 - SERIES STATEMENT/ADDED ENTRY--TITLE
Title Cambridge environmental chemistry series
9 (RLIN) 12783
504 ## - BIBLIOGRAPHY, ETC. NOTE
Bibliography, etc Includes bibliographical references and index.
650 #0 - SUBJECT ADDED ENTRY--TOPICAL TERM
Topical term or geographic name as entry element Waste management
9 (RLIN) 12784
856 42 - ELECTRONIC LOCATION AND ACCESS
Materials specified Publisher description
Uniform Resource Identifier http://www.loc.gov/catdir/description/cam022/2001043867.html
856 41 - ELECTRONIC LOCATION AND ACCESS
Materials specified Table of contents
Uniform Resource Identifier http://www.loc.gov/catdir/toc/cam022/2001043867.html
856 42 - ELECTRONIC LOCATION AND ACCESS
Materials specified Contributor biographical information
Uniform Resource Identifier http://www.loc.gov/catdir/enhancements/fy0731/2001043867-b.html
906 ## - LOCAL DATA ELEMENT F, LDF (RLIN)
a 7
b cbc
c orignew
d 1
e ocip
f 20
g y-gencatlg
942 ## - ADDED ENTRY ELEMENTS (KOHA)
Source of classification or shelving scheme Dewey Decimal Classification
Koha item type Open Shelf
Holdings
Withdrawn status Lost status Source of classification or shelving scheme Damaged status Not for loan Home library Current library Date acquired Source of acquisition Inventory number Total Checkouts Full call number Barcode Date last seen Price effective from Koha item type
    Dewey Decimal Classification     MUST Main Library MUST Main Library 12/08/2019 Purchase 2019/40926   572.3 TIP 2002 2019-0036 12/08/2019 12/08/2019 Open Shelf
    Dewey Decimal Classification     MUST Main Library MUST Main Library 12/08/2019 Purchase 2019/40928   572.3 TIP 2002 2019-0037 12/08/2019 12/08/2019 Open Shelf
    Dewey Decimal Classification     MUST Main Library MUST Main Library 12/08/2019 Purchase 2019/40927   572.3 TIP 2002 2019-0038 12/08/2019 12/08/2019 Open Shelf
    Dewey Decimal Classification     MUST Main Library MUST Main Library 12/08/2019 Purchase 2019/40925   572.3 TIP 2002 2019-0039 12/08/2019 12/08/2019 Open Shelf